| 000 | 00933nam a22002297a 4500 | ||
|---|---|---|---|
| 999 |
_c11256 _d11256 |
||
| 003 | AR-CdUCM | ||
| 008 | 190402b ||||| |||| 00| 0 spa d | ||
| 040 |
_aMUNICIPALIDAD PROVINCIAL DEL CUSCO _cBIBLIOTECA MUNICIPAL DEL CUSCO |
||
| 082 |
_aEP / 372.460 / _bC79 |
||
| 100 |
_aCosta Alva, Yanira _927897 |
||
| 245 | _aLenguaje Oasis / | ||
| 260 |
_aLima : _bADYRSA, |
||
| 300 |
_a144 paginas ; _bIlustraciones, graficos, dibujos, retratos, mapas, _c29 cm. |
||
| 500 | _aLenguaje | ||
| 505 | _aContenido: 4: Cuarto grado de educación primaria: Ejercicios preliminares -- Actividades de repaso -- 5: Gramática -- Redacción y ortografía...-- 6: grado de educación primaria: Expresión y vocabulario -- Lectura y vabulario... | ||
| 650 |
_aEducación primaria _91561 |
||
| 650 |
_aLibro infantil _924758 |
||
| 650 |
_aTexto educativo _925832 |
||
| 650 |
_aCuaderno de trabajo _911620 |
||
| 942 |
_2ddc _cLIBROS |
||
| 945 | _apjha | ||